[Event "Reykjavik Open 2024"]
[Site "Reykjavik ISL"]
[Date "2024.03.18"]
[Round "6.54"]
[White "Mohamed, Anees M"]
[Black "Jansen, Marijn"]
[Result "0-1"]
[WhiteTitle "FM"]
[WhiteElo "2271"]
[BlackElo "1899"]
[WhiteFideId "35065815"]
[BlackFideId "1089587"]
[EventDate "2024.03.15"]

1. e4 c6 2. d4 d5 3. e5 c5 4. dxc5 e6 5. a3 Bxc5 6. Nf3 Nc6 7. b4 Bb6 8. Bb2
Nge7 9. Nbd2 O-O 10. Bd3 Ng6 11. O-O Nf4 12. Nb3 Nxd3 13. Qxd3 Bd7 14. c4 dxc4
15. Qxc4 Rc8 16. Qg4 Ne7 17. Ng5 Nf5 18. Ne4 Bc6 19. Nd6 Rc7 20. Nxf5 exf5 21.
Qxf5 Qd5 22. Qh3 Bd7 23. Qg3 Rc2 24. Rab1 Bb5 25. Rfd1 Rxb2 0-1

[Event "Reykjavik Open 2024"]
[Site "Reykjavik ISL"]
[Date "2024.03.18"]
[Round "6.55"]
[White "Arun, Nitish"]
[Black "Pourkashiyan, Atousa"]
[Result "0-1"]
[BlackTitle "WGM"]
[WhiteElo "1808"]
[BlackElo "2270"]
[WhiteFideId "2524201"]
[BlackFideId "12502014"]
[EventDate "2024.03.15"]

1. d4 Nf6 2. c4 e6 3. Nc3 Bb4 4. Qc2 O-O 5. e4 d5 6. e5 Ne4 7. Bd3 c5 8. Nf3
cxd4 9. Nxd4 Nd7 10. Bf4 Qh4 11. g3 Qh5 12. f3 Bxc3+ 13. bxc3 Nec5 14. g4 Nxd3+
15. Qxd3 dxc4 16. Qxc4 Qh3 17. Kf2 Nb6 18. Qf1 Qh4+ 19. Bg3 Qe7 20. h4 Bd7 21.
Kg2 Rac8 22. Qd3 Qa3 23. Nb3 Qb2+ 24. Qd2 Qxd2+ 25. Nxd2 Rxc3 26. Rhc1 Rd3 27.
Be1 Bc6 28. Kf2 Rfd8 29. Ke2 Bb5 30. Kf2 Rxd2+ 31. Bxd2 Rxd2+ 32. Kg3 Kf8 33.
Rc3 Bc6 34. a3 Nd5 35. Rb3 a5 36. Rab1 a4 37. R3b2 Rd3 38. Ra1 Re3 39. Rf2 Rxe5
40. Rc1 Re3 0-1

[Event "Reykjavik Open 2024"]
[Site "Reykjavik ISL"]
[Date "2024.03.18"]
[Round "6.56"]
[White "Hill, Alistair"]
[Black "Banerjee, Aryan"]
[Result "1-0"]
[WhiteElo "2187"]
[BlackElo "1896"]
[WhiteFideId "432407"]
[BlackFideId "1765035"]
[EventDate "2024.03.15"]

1. d4 d5 2. c4 e6 3. Nc3 a6 4. cxd5 exd5 5. Nf3 h6 6. Bf4 Nf6 7. e3 Bd6 8. Be5
c6 9. Bd3 O-O 10. O-O Re8 11. h3 Bxe5 12. Nxe5 c5 13. Rc1 b5 14. Bb1 Bb7 15. Ne2
c4 16. Ng3 Nc6 17. f4 Ne7 18. Nh5 Nc8 19. Nxf6+ Qxf6 20. Qc2 g6 21. f5 g5 22.
Qe2 Qh8 23. Qh5 Nd6 24. Ng4 Kf8 25. f6 Bc8 26. Nxh6 Rxe3 27. Qxg5 Re6 28. Rc3
Ke8 29. Rg3 Kd7 30. Bf5 Nxf5 31. Qxf5 Qxh6 32. Qxd5+ Kc7 33. Qxa8 Bb7 34. Qa7
Rb6 35. Kh2 Qh8 36. Re3 Qd8 37. Re7+ Kc8 38. Re8 Qxe8 39. Qxb6 Qe2 40. Qc5+ Kb8
41. Qe5+ 1-0

[Event "Reykjavik Open 2024"]
[Site "Reykjavik ISL"]
[Date "2024.03.18"]
[Round "6.57"]
[White "Mannion, Stephen R"]
[Black "Halldorsson, Kristjan"]
[Result "1-0"]
[WhiteTitle "IM"]
[WhiteElo "2166"]
[BlackElo "1887"]
[WhiteFideId "2400111"]
[BlackFideId "2302551"]
[EventDate "2024.03.15"]

1. e4 c5 2. Nf3 e6 3. d4 cxd4 4. Nxd4 a6 5. Bd3 Qc7 6. O-O Nf6 7. Qe2 d6 8. c4
Nbd7 9. f4 b6 10. Nc3 h5 11. Nd5 exd5 12. exd5+ Be7 13. Nf5 Nc5 14. Re1 Bxf5 15.
Bxf5 a5 16. Bd2 Kf8 17. Bc3 Rh6 18. b3 Ng8 19. Rad1 Bf6 20. Bd2 Ne7 21. Bb1 Qd7
22. f5 Rh8 23. Qf3 Be5 24. Rxe5 dxe5 25. f6 Qg4 26. fxe7+ Kxe7 27. d6+ Ke6 28.
Qd5+ Kd7 29. Be3 Qe6 30. Bf5 Qxf5 31. Bxc5 Rab8 32. Rf1 Qxf1+ 33. Kxf1 bxc5 34.
Qxc5 f6 35. Qd5 Rhf8 36. c5 Rfc8 37. a3 h4 38. Qc4 Kc6 39. b4 axb4 40. axb4 Rb5
41. Qe4+ Kd7 42. Qg4+ Kd8 43. Qxg7 Rxb4 44. Qe7# 1-0

[Event "Reykjavik Open 2024"]
[Site "Reykjavik ISL"]
[Date "2024.03.18"]
[Round "6.58"]
[White "Duong, Thanh Nha"]
[Black "Bjarnason, Snorri Vikanes"]
[Result "0-1"]
[WhiteTitle "IM"]
[WhiteElo "2144"]
[BlackElo "1875"]
[WhiteFideId "2601079"]
[BlackFideId "1539833"]
[EventDate "2024.03.15"]

1. c4 c5 2. Nf3 Nf6 3. Nc3 d5 4. cxd5 Nxd5 5. g3 g6 6. Bg2 Bg7 7. O-O O-O 8. Qa4
Nc7 9. d3 Nc6 10. Qh4 Ne6 11. Bh6 Ned4 12. Bxg7 Kxg7 13. Rad1 Qb6 14. Rd2 f6 15.
Qe4 Rf7 16. Rc1 Nxf3+ 17. Qxf3 Nd4 18. Qe3 Bd7 19. Nd5 Qd6 20. b4 Rc8 21. Rb2 b6
22. bxc5 Rxc5 23. Rxc5 Qxc5 24. Rb4 e5 25. Rc4 Qa5 26. f4 Qxa2 27. Kf2 Bg4 28.
Nc3 Qb2 29. h3 Nf5 30. Qe4 Nd6 31. Qd5 Nxc4 32. Qxc4 b5 33. Nxb5 Bxe2 34. Qc3
Qxc3 35. Nxc3 Bxd3 36. Ke3 e4 37. g4 f5 38. Nd5 Rb7 39. gxf5 gxf5 40. h4 Rb5 41.
Nc7 Rb3 42. Ne6+ Kf6 43. Nd4 Ra3 44. h5 Bf1+ 45. Kf2 Bxg2 46. Kxg2 Rc3 0-1

[Event "Reykjavik Open 2024"]
[Site "Reykjavik ISL"]
[Date "2024.03.18"]
[Round "6.59"]
[White "Jelsma, Remco"]
[Black "Birkisson, Bjorn Holm"]
[Result "0-1"]
[WhiteElo "1802"]
[BlackElo "2140"]
[WhiteFideId "1085778"]
[BlackFideId "2310600"]
[EventDate "2024.03.15"]

1. d4 d5 2. Nc3 Nf6 3. Bf4 e6 4. Nb5 Na6 5. e3 c6 6. Nc3 Be7 7. Bxa6 bxa6 8. Na4
O-O 9. Nf3 c5 10. Nxc5 Bxc5 11. dxc5 Qa5+ 12. c3 Qxc5 13. O-O Ne4 14. h3 f6 15.
Qb3 e5 16. Bh2 Be6 17. a4 Rab8 18. Qc2 Rfc8 19. Rfc1 Nd6 20. b3 Ne4 21. Nxe5
fxe5 22. Bxe5 Rb7 23. c4 Rf7 24. Rf1 Qe7 25. f3 Nf6 26. Rfc1 Bxh3 27. Bf4 Bd7
28. c5 Nh5 29. b4 Nxf4 30. exf4 Qe3+ 31. Kf1 Bf5 32. Qf2 Qxf4 33. b5 axb5 34.
axb5 Bd3+ 35. Kg1 Bxb5 0-1

[Event "Reykjavik Open 2024"]
[Site "Reykjavik ISL"]
[Date "2024.03.18"]
[Round "6.60"]
[White "Hermannsson, Sigurbjorn"]
[Black "Stanford, Sheila Barth"]
[Result "0-1"]
[BlackTitle "WIM"]
[WhiteElo "1791"]
[BlackElo "2123"]
[WhiteFideId "2325128"]
[BlackFideId "1500953"]
[EventDate "2024.03.15"]

1. e4 c5 2. Nf3 d6 3. d4 cxd4 4. Nxd4 Nf6 5. Nc3 a6 6. Be3 e5 7. Nb3 Be6 8. f3
h5 9. Qd2 Nbd7 10. O-O-O Rc8 11. Kb1 b5 12. Bd3 Nb6 13. h3 Nc4 14. Bxc4 bxc4 15.
Nc1 Rb8 16. g4 Qc8 17. N1e2 Qb7 18. Qc1 d5 19. exd5 Nxd5 20. Na4 Ba3 21. Bc5
Bxc5 22. Nxc5 Qb6 23. Nxe6 fxe6 24. Ka1 h4 25. b3 Ne3 26. Rde1 O-O 27. f4 cxb3
28. cxb3 Rfc8 29. Qb1 Nc2+ 30. Kb2 Nxe1 31. Rxe1 Rd8 32. Qc2 exf4 33. Qe4 Rd2+
34. Kb1 Rxa2 35. Nd4 Ra3 36. Qxe6+ Qxe6 37. Rxe6 Raxb3+ 38. Nxb3 Rxb3+ 39. Kc2
Rxh3 40. Rxa6 Rg3 41. Rg6 Kh7 42. Rg5 g6 43. Kd2 h3 44. Ra5 h2 45. Ra7+ Kh6 46.
Ra8 Kg5 0-1

[Event "Reykjavik Open 2024"]
[Site "Reykjavik ISL"]
[Date "2024.03.18"]
[Round "6.61"]
[White "Wedenberg, Oliver"]
[Black "Li, Harry"]
[Result "0-1"]
[WhiteElo "1780"]
[BlackElo "2107"]
[WhiteFideId "1767909"]
[BlackFideId "430145"]
[EventDate "2024.03.15"]

1. e4 e5 2. Nc3 Nf6 3. f4 d5 4. fxe5 Nxe4 5. Qf3 f5 6. d3 Nxc3 7. bxc3 d4 8. Qg3
Nc6 9. Be2 Be6 10. c4 Bb4+ 11. Kd1 Qd7 12. Bf3 O-O-O 13. Rb1 Bc5 14. Rb5 b6 15.
Nh3 a6 16. Rb3 Na5 17. Rb1 Nxc4 18. dxc4 Bxc4 19. Be2 d3 20. Bxd3 Qa4 21. Rb3
Qxa2 22. Rb2 Qa4 23. Ke2 Rhe8 24. Bf4 Bd4 25. Rhb1 Bxb2 26. Rxb2 h6 27. Qxg7 Rg8
28. Qh7 Bxd3+ 29. cxd3 Rxg2+ 30. Kf1 Rxb2 31. e6 Qd1# 0-1

[Event "Reykjavik Open 2024"]
[Site "Reykjavik ISL"]
[Date "2024.03.18"]
[Round "6.62"]
[White "Winnubst, Paul"]
[Black "Sivanandan, Bodhana"]
[Result "0-1"]
[BlackTitle "WCM"]
[WhiteElo "1681"]
[BlackElo "2088"]
[WhiteFideId "40101460"]
[BlackFideId "497592"]
[EventDate "2024.03.15"]

1. d4 d5 2. c4 c6 3. Nc3 Nf6 4. e3 e6 5. Nf3 Nbd7 6. Be2 Bd6 7. O-O O-O 8. b3 b6
9. Bb2 Bb7 10. Bd3 Qe7 11. Re1 Rfe8 12. e4 dxe4 13. Nxe4 Ba3 14. Bxa3 Qxa3 15.
Nxf6+ Nxf6 16. Qc1 Qxc1 17. Raxc1 c5 18. Be2 cxd4 19. Nxd4 Rad8 20. Red1 Kf8 21.
Bf3 Bxf3 22. Nxf3 Rxd1+ 23. Rxd1 Ke7 24. Ne5 Rc8 25. f4 Rc7 26. Kf2 Ne4+ 27. Ke3
Nc5 28. Rd4 Na6 29. Rd2 Nb8 30. h3 f6 31. Nf3 a6 32. Nd4 Nd7 33. g4 g6 34. Nf3
Rc5 35. Ke4 b5 36. cxb5 axb5 37. g5 Rc3 38. Ng1 f5+ 39. Kd4 Rg3 40. Rd1 Rg2 41.
Ra1 Kd6 42. h4 e5+ 43. Ke3 exf4+ 44. Kxf4 Rg4+ 45. Kf3 Ne5+ 46. Ke3 Rxh4 47. a4
Rb4 48. Ra3 bxa4 0-1

[Event "Reykjavik Open 2024"]
[Site "Reykjavik ISL"]
[Date "2024.03.18"]
[Round "6.63"]
[White "Schliebener, Stephan"]
[Black "Jonsson, Olafur Gisli"]
[Result "1-0"]
[WhiteElo "2088"]
[BlackElo "1849"]
[WhiteFideId "4621662"]
[BlackFideId "2302705"]
[EventDate "2024.03.15"]

1. Nf3 Nf6 2. c4 c5 3. Nc3 e6 4. g3 b6 5. Bg2 Bb7 6. O-O Be7 7. b3 d6 8. Bb2 a6
9. e3 Nbd7 10. Qe2 O-O 11. Rfd1 Qc7 12. Rac1 Rfe8 13. h3 Bf8 14. d3 Rac8 15. e4
Qb8 16. Nh4 d5 17. cxd5 exd5 18. f4 d4 19. Nb1 Nd5 20. Rd2 Ne3 21. Bf3 f5 22. e5
Nxe5 23. fxe5 Rxe5 24. Bxb7 Qxb7 25. Qf3 Qa7 26. Re2 Rce8 27. Nd2 Bd6 28. Rce1
Qe7 29. Nf1 g6 30. Nxe3 Rxe3 31. Rxe3 dxe3 32. Ng2 e2 33. Kf2 Qe6 34. Nf4 Bxf4
35. gxf4 1-0

[Event "Reykjavik Open 2024"]
[Site "Reykjavik ISL"]
[Date "2024.03.18"]
[Round "6.64"]
[White "Manucharyan, Andriy"]
[Black "Omarsson, Josef"]
[Result "1-0"]
[WhiteElo "2080"]
[BlackElo "1803"]
[WhiteFideId "16260910"]
[BlackFideId "2316102"]
[EventDate "2024.03.15"]

1. d4 Nf6 2. c4 g6 3. Nf3 Bg7 4. g3 O-O 5. Bg2 d6 6. Nc3 Nc6 7. O-O a6 8. Qd3
Rb8 9. d5 Na7 10. a4 c6 11. e4 b5 12. Be3 bxc4 13. Qxc4 c5 14. Rab1 Rb4 15. Qd3
Ng4 16. Bd2 f5 17. h3 Nf6 18. Ng5 h6 19. Ne6 Bxe6 20. dxe6 fxe4 21. Nxe4 Rxa4
22. Nxf6+ Rxf6 23. Bc3 Rf5 24. Be4 Rxe4 25. Qxe4 d5 26. Qa4 Qd6 27. Ra1 Rg5 28.
Kh2 Qxe6 29. Qxa6 Nc6 30. Rae1 Qd7 31. g4 d4 32. Bd2 Rd5 33. Re4 h5 34. Kg2 Re5
35. Qc4+ Kh7 36. Rfe1 Qb7 37. Qc2 c4 38. f3 Rc5 39. gxh5 d3 40. hxg6+ Kxg6 41.
Rg4+ Kf7 42. Rxg7+ Kxg7 43. Qc3+ e5 44. Re4 Nd4 45. Be3 Ne2 46. Rg4+ Kf7 47. Qe1
Qe7 48. Bxc5 Qxc5 49. Qf2 Qc7 50. Qh4 Ke6 51. Rg6+ Kd5 52. Qe4+ Kc5 53. Rg5 Nf4+
54. Kh2 Kb4 55. Qe1+ c3 56. bxc3+ Qxc3 57. Rxe5 Qxe1 58. Rxe1 d2 59. Rd1 Kc3 60.
Kg3 Ng6 61. f4 Kc2 62. Rh1 d1=Q 63. Rxd1 Kxd1 64. h4 Ke2 65. f5 Nh8 66. Kf4 Kd3
67. Ke5 Ke3 68. Kf6 Kf4 69. h5 Kg4 70. h6 Kh5 71. Kg7 Kg5 72. h7 1-0

[Event "Reykjavik Open 2024"]
[Site "Reykjavik ISL"]
[Date "2024.03.18"]
[Round "6.65"]
[White "Beisteiner, Joachim"]
[Black "Pointier, Pierre"]
[Result "1-0"]
[WhiteElo "2079"]
[BlackElo "1698"]
[WhiteFideId "1682296"]
[BlackFideId "343104638"]
[EventDate "2024.03.15"]

1. e4 c6 2. d4 d5 3. e5 Bf5 4. Nf3 e6 5. Be2 c5 6. O-O Nc6 7. c3 h6 8. Nbd2 cxd4
9. Nxd4 Nxd4 10. cxd4 Ne7 11. Nb3 Nc6 12. g4 Bh7 13. f4 Qb6 14. a4 a5 15. Bb5
Be7 16. f5 Kd7 17. Bd2 Kd8 18. Rf2 Nb4 19. Rc1 Rc8 20. Rc3 h5 21. h3 Rc7 22. Be3
Kc8 23. Qc1 Nc6 24. Nc5 Bxc5 25. Rxc5 Kb8 26. Qc3 Nb4 27. Rxc7 Qxc7 28. Qxc7+
Kxc7 29. fxe6 fxe6 30. Rf7+ Kb8 31. g5 Bf5 32. Rxg7 Bxh3 33. Re7 Nc6 34. Bxc6
bxc6 35. g6 Rc8 36. g7 Bf5 37. Bd2 c5 38. dxc5 d4 39. Bxa5 h4 40. Bd2 h3 41. b4 1-0

[Event "Reykjavik Open 2024"]
[Site "Reykjavik ISL"]
[Date "2024.03.18"]
[Round "6.66"]
[White "Schroer, Marcel"]
[Black "Brynjarsson, Orvar Holm"]
[Result "1-0"]
[WhiteElo "2073"]
[BlackElo "1645"]
[WhiteFideId "1012908"]
[BlackFideId "2321726"]
[EventDate "2024.03.15"]

1. d4 Nf6 2. c4 e6 3. Nf3 Bb4+ 4. Bd2 Qe7 5. e3 O-O 6. Bd3 Bxd2+ 7. Qxd2 d6 8.
Nc3 Nbd7 9. O-O e5 10. Bc2 Nb6 11. b3 Bg4 12. Ne1 Rad8 13. f3 Bh5 14. Nd3 Bg6
15. Rfe1 c6 16. Rad1 Rfe8 17. Qf2 Qc7 18. e4 exd4 19. Qxd4 d5 20. exd5 Rxe1+ 21.
Nxe1 cxd5 22. Bxg6 hxg6 23. c5 Nc8 24. b4 Ne7 25. Nb5 Qd7 26. Nd6 Nf5 27. Nxf5
Qxf5 28. Nd3 Re8 29. Rd2 Qg5 30. Qf4 Re1+ 31. Kf2 Qxf4 32. Nxf4 Rb1 33. a3 Rb3
34. Rd3 Rxd3 35. Nxd3 Kf8 36. Ke3 Ke7 37. Kd4 g5 38. Ke5 g4 39. Nf4 gxf3 40.
gxf3 Nd7+ 41. Kxd5 Kf6 42. Kd6 1-0

[Event "Reykjavik Open 2024"]
[Site "Reykjavik ISL"]
[Date "2024.03.18"]
[Round "6.68"]
[White "Atharva M Parulekar"]
[Black "Halldorsson, Bragi"]
[Result "0-1"]
[WhiteElo "1580"]
[BlackElo "2056"]
[WhiteFideId "35007190"]
[BlackFideId "2300907"]
[EventDate "2024.03.15"]

1. e4 c6 2. d4 d5 3. exd5 cxd5 4. Bd3 Nc6 5. c3 g6 6. Bf4 Bg7 7. Nd2 Nh6 8. Ngf3
O-O 9. O-O f6 10. Bxh6 Bxh6 11. Re1 Bg4 12. Qc2 Bg7 13. Bb5 Rc8 14. h3 Bf5 15.
Qb3 g5 16. Qa3 Rf7 17. g4 Bd7 18. Nb3 h5 19. gxh5 Bxh3 20. Nc5 e5 21. Kh2 Bg4
22. Kg3 Bxf3 23. Kxf3 e4+ 24. Ke2 Qd6 25. Rf1 f5 26. Rad1 Qf4 27. Ne6 Qf3+ 28.
Kd2 Bf8 29. Nxf8 Qf4+ 30. Kc2 Rfxf8 31. Bxc6 bxc6 32. Qe7 Rc7 33. Qe6+ Rff7 34.
h6 Kh7 35. Kb1 g4 36. Rde1 Qg5 37. Qe5 Rfe7 38. Qd6 f4 39. Rg1 Qf5 40. Ka1 Rf7
41. Qd8 Rce7 42. Qd6 g3 43. fxg3 f3 44. Rgf1 e3 45. g4 Qxg4 46. Qh2 f2 47. Rb1
Qf3 48. Qb8 e2 0-1

[Event "Reykjavik Open 2024"]
[Site "Reykjavik ISL"]
[Date "2024.03.18"]
[Round "6.70"]
[White "Gudmundsson, Gunnar Erik"]
[Black "Gudjonsson, Anton Vignir"]
[Result "1-0"]
[WhiteElo "2009"]
[BlackElo "1643"]
[WhiteFideId "2314339"]
[BlackFideId "2323664"]
[EventDate "2024.03.15"]

1. d4 d5 2. c4 Nf6 3. cxd5 Bf5 4. f3 Bxb1 5. Rxb1 Nxd5 6. e4 Nb6 7. Bd3 e6 8.
Ne2 Bb4+ 9. Nc3 O-O 10. Be3 c6 11. O-O N8d7 12. a3 Bd6 13. e5 Bc7 14. f4 Nd5 15.
Rf3 Bb6 16. Bf2 f5 17. Nxd5 cxd5 18. Rh3 g6 19. Rc1 Rc8 20. Rxc8 Qxc8 21. Bb5
Rf7 22. Rc3 Bc7 23. Qc1 Nb6 24. a4 a6 25. a5 Na8 26. Ba4 Qd8 27. Rc2 Rf8 28. b4
Bb8 29. Qe1 Qe7 30. Bh4 Qf7 31. Qc1 Ba7 32. Bf2 Bb8 33. h3 Nc7 34. Rc5 Qe7 35.
b5 axb5 36. Bxb5 Nxb5 37. Rxb5 Ba7 38. Qb2 Rf7 39. Kh2 Qc7 40. Be1 Kg7 41. Qb4
Qc6 42. Bc3 Rc7 43. Bb2 Kf7 44. Ba3 Qe8 45. Rxb7 1-0

[Event "Reykjavik Open 2024"]
[Site "Reykjavik ISL"]
[Date "2024.03.18"]
[Round "6.74"]
[White "Van Meter, Lester"]
[Black "Stelmaszyk, Nico"]
[Result "0-1"]
[WhiteTitle "FM"]
[BlackTitle "FM"]
[WhiteElo "1906"]
[BlackElo "2347"]
[WhiteFideId "2001691"]
[BlackFideId "16200462"]
[EventDate "2024.03.15"]

1. d4 Nf6 2. Nf3 e6 3. c4 d5 4. g3 Be7 5. Bg2 O-O 6. O-O dxc4 7. Qc2 b6 8. Rd1
Bb7 9. Qxc4 Nbd7 10. Nc3 c5 11. dxc5 Bxc5 12. b4 Bxf2+ 13. Kxf2 Rc8 14. Qd4 Rxc3
15. Ne5 Bxg2 16. Nxd7 Qxd7 17. Qxd7 Nxd7 18. Rxd7 Bd5 19. Rxa7 Rc2 20. Be3 b5
21. Bc5 Rd8 22. Rd1 h6 23. a4 bxa4 24. Rxa4 Rc8 25. Ke3 R2xc5 26. bxc5 Bb3 27.
Rda1 Bxa4 28. Rxa4 Rxc5 29. Kf3 Rf5+ 30. Kg2 Kh7 31. Rg4 h5 32. Ra4 Kg6 33. Rb4
Rg5 34. Rf4 Re5 0-1

[Event "Reykjavik Open 2024"]
[Site "Reykjavik ISL"]
[Date "2024.03.18"]
[Round "6.75"]
[White "Ragnarsson, Dagur"]
[Black "Larkin, Benjamin"]
[Result "1-0"]
[WhiteTitle "IM"]
[WhiteElo "2337"]
[BlackElo "1914"]
[WhiteFideId "2304058"]
[BlackFideId "479977"]
[EventDate "2024.03.15"]

1. Nf3 Nf6 2. g3 g6 3. Bg2 Bg7 4. O-O O-O 5. d4 d5 6. c4 c5 7. dxc5 dxc4 8. Qa4
Qd5 9. Nfd2 Qxc5 10. Qxc4 Qxc4 11. Nxc4 Nc6 12. Rd1 Be6 13. Nba3 Rfd8 14. Bd2
Bd5 15. f3 Nd4 16. e4 Bxc4 17. Nxc4 Rac8 18. Ne3 e5 19. Kf2 Bf8 20. Bc3 Bc5 21.
Rd2 b5 22. Ba5 Rd6 23. Rc1 Rdc6 24. Bh3 Ne6 25. Bxe6 fxe6 26. Ke2 Bd4 27. Rxc6
Rxc6 28. Nc2 Ra6 29. b4 Bc3 30. Rd8+ Kf7 31. Rc8 Bd4 32. Rc7+ Ke8 33. Nxd4 exd4
34. Kd3 e5 35. Rc5 Nd7 36. Rc8+ Ke7 37. f4 Ke6 38. h4 Rd6 39. Re8+ Kf7 40. fxe5
Re6 41. Rxe6 Kxe6 42. Kxd4 Nxe5 43. Kc5 a6 44. Kb6 Nd3 45. Kxa6 Nf2 46. Kxb5
Nxe4 47. Bc7 Nc3+ 48. Kc4 Nxa2 49. Bf4 1-0

[Event "Reykjavik Open 2024"]
[Site "Reykjavik ISL"]
[Date "2024.03.18"]
[Round "6.76"]
[White "Mendes Aaron Reeve"]
[Black "Naudin, Yvan"]
[Result "1-0"]
[WhiteTitle "FM"]
[WhiteElo "2309"]
[BlackElo "1912"]
[WhiteFideId "25954938"]
[BlackFideId "625957"]
[EventDate "2024.03.15"]

1. e4 c5 2. Nf3 Nc6 3. Bb5 e6 4. Bxc6 bxc6 5. b3 d6 6. e5 dxe5 7. Nxe5 Qg5 8.
Nf3 Qxg2 9. Rg1 Qh3 10. Rg3 Qf5 11. Bb2 f6 12. d3 g6 13. Nbd2 e5 14. Ne4 Qh5 15.
Nxe5 Qxh2 16. Nf3 Qh1+ 17. Rg1 Qh3 18. Qe2 Qe6 19. O-O-O Kd8 20. Kb1 Qf7 21. Qe1
a5 22. a4 Be7 23. Bc3 Be6 24. Bxa5+ Kc8 25. Qc3 Bd5 26. Nfd2 f5 27. Nxc5 Bf6 28.
d4 Qg7 29. Rge1 Nh6 30. Nc4 Bxc4 31. Qxc4 Ng4 32. Qe6+ 1-0

[Event "Reykjavik Open 2024"]
[Site "Reykjavik ISL"]
[Date "2024.03.18"]
[Round "6.77"]
[White "Povah, Nigel E"]
[Black "Thieu, Nguyen Gia Bao"]
[Result "1-0"]
[WhiteTitle "IM"]
[WhiteElo "2202"]
[BlackElo "1906"]
[WhiteFideId "400467"]
[BlackFideId "12913383"]
[EventDate "2024.03.15"]

1. d4 d5 2. Bf4 c5 3. e3 cxd4 4. exd4 Nc6 5. c3 Bf5 6. Qb3 Qd7 7. Nf3 a6 8. Nbd2
e6 9. Nh4 Bg6 10. Nxg6 hxg6 11. Bd3 Nge7 12. h3 Nc8 13. O-O Bd6 14. Bxd6 Nxd6
15. Rfe1 O-O 16. Nf3 b5 17. Qd1 Rab8 18. Ng5 Rfe8 19. Qg4 Ne7 20. Qh4 Nef5 21.
Qh7+ Kf8 22. g4 Nh6 23. Qh8+ Ng8 24. Nh7+ Ke7 25. Qxg7 Kd8 26. Nf6 Nxf6 27.
Qxf6+ Qe7 28. Qf4 Rh8 29. Kg2 Kd7 30. a4 b4 31. Bxa6 bxc3 32. bxc3 Qh4 33. Re3
Rb2 34. Bd3 Rc8 35. a5 Ke7 36. a6 Qh8 37. a7 Ra8 38. Ra6 Qd8 39. Rf3 1-0

[Event "Reykjavik Open 2024"]
[Site "Reykjavik ISL"]
[Date "2024.03.18"]
[Round "6.79"]
[White "Tripathi, Pratyush"]
[Black "Johannsson, Birkir Isak"]
[Result "1/2-1/2"]
[WhiteElo "1905"]
[BlackElo "2161"]
[WhiteFideId "1763121"]
[BlackFideId "2314673"]
[EventDate "2024.03.15"]

1. d4 d5 2. c4 e6 3. Nc3 c6 4. cxd5 exd5 5. Bf4 Bd6 6. Bxd6 Qxd6 7. e3 Bf5 8. g4
Bg6 9. h4 h5 10. g5 Ne7 11. Nh3 Nd7 12. Nf4 O-O-O 13. Be2 Nf5 14. Nxg6 Qxg6 15.
Bd3 Qe6 16. Ne2 Rde8 17. Qc2 Ne7 18. O-O-O Kb8 19. Nf4 Qd6 20. Kb1 Nf8 21. Qe2
g6 22. Bc2 Nc8 23. Nd3 Nd7 24. Qf3 Re7 25. Qf4 Rhe8 26. Kc1 Kc7 1/2-1/2

[Event "Reykjavik Open 2024"]
[Site "Reykjavik ISL"]
[Date "2024.03.18"]
[Round "6.80"]
[White "Airlie, Arran"]
[Black "Mueller, Magnus"]
[Result "0-1"]
[WhiteElo "1894"]
[BlackElo "2144"]
[WhiteFideId "442011"]
[BlackFideId "16230060"]
[EventDate "2024.03.15"]

1. e4 c5 2. Nf3 Nc6 3. b3 e6 4. Bb2 a6 5. d4 cxd4 6. Nxd4 Qf6 7. c3 Bc5 8. Be2
Nge7 9. O-O d5 10. exd5 exd5 11. Nxc6 bxc6 12. Qd2 Qg6 13. Ba3 Bxa3 14. Nxa3 O-O
15. Rfe1 Nf5 16. Bd3 Qd6 17. Nc2 Nh4 18. Qg5 Ng6 19. Nd4 Qf4 20. Qg3 c5 21. Nf3
Qf6 22. Rac1 Be6 23. Qg5 Rfd8 24. Qxf6 gxf6 25. b4 cxb4 26. Bxg6 hxg6 27. Nd4
bxc3 28. Rxc3 Rac8 29. Nc6 Kf8 30. Rcc1 Re8 31. Nd4 Rc4 32. Red1 Rec8 33. Rxc4
Rxc4 34. Kf1 Ke7 35. Ke2 Kd6 36. Kd3 Kc5 37. Nb3+ Kb4 38. Nd4 Rc3+ 39. Kd2 Kc4
40. Ke2 a5 41. a4 Bd7 42. Nf3 Kc5 43. Ra1 Rc4 44. Nd2 Rxa4 45. Nb3+ Kb4 46. Rb1
Bf5 47. Rb2 Kc3 48. Nc5 Kxb2 49. Nxa4+ Kb3 50. Nb6 a4 51. Nxa4 Kxa4 52. f3 Kb4
53. g4 Bd7 54. Kd3 Kc5 55. h4 f5 56. h5 gxh5 57. gxh5 f4 0-1

[Event "Reykjavik Open 2024"]
[Site "Reykjavik ISL"]
[Date "2024.03.18"]
[Round "6.81"]
[White "Gramb, Marius"]
[Black "Saemundsson, Bjarni"]
[Result "1-0"]
[WhiteElo "2142"]
[BlackElo "1903"]
[WhiteFideId "24656593"]
[BlackFideId "2302900"]
[EventDate "2024.03.15"]

1. e4 e5 2. Nf3 Nc6 3. Bc4 Nf6 4. d3 Bc5 5. Nc3 h6 6. h3 d6 7. Na4 a6 8. Nxc5
dxc5 9. a4 O-O 10. O-O Qd6 11. Be3 b6 12. Nd2 g5 13. h4 Ng4 14. hxg5 Qg6 15.
gxh6 Qh5 16. Nf3 Nd4 17. Bxd4 cxd4 18. Qd2 Kh7 19. Qg5 Qxg5 20. Nxg5+ Kxh6 21.
Bd5 Rb8 22. Nxf7+ Kg6 23. f3 c6 24. fxg4 cxd5 25. Nxe5+ 1-0

[Event "Reykjavik Open 2024"]
[Site "Reykjavik ISL"]
[Date "2024.03.18"]
[Round "6.82"]
[White "Smith, Alexander"]
[Black "MacKinnon, Keith"]
[Result "0-1"]
[WhiteElo "1857"]
[BlackElo "2142"]
[WhiteFideId "30996910"]
[BlackFideId "2601990"]
[EventDate "2024.03.15"]

1. e4 c5 2. Nf3 e6 3. d4 cxd4 4. Nxd4 Nc6 5. Nc3 Qc7 6. Be3 a6 7. Qf3 Nf6 8. Qg3
Qxg3 9. hxg3 Ng4 10. Nxc6 Nxe3 11. Nd4 Nxf1 12. Kxf1 b5 13. Rd1 Bb7 14. f3 Rc8
15. a3 Bc5 16. Nce2 Rc7 17. c3 O-O 18. g4 Re8 19. Nb3 Be7 20. Kf2 d5 21. e5 f6
22. exf6 Bxf6 23. Nf4 d4 24. Nh5 dxc3 25. Nxf6+ gxf6 26. bxc3 Bd5 27. Nd4 Rxc3
28. Ne2 Rc2 29. Ke3 Rec8 30. Ng3 Rxg2 31. Rxd5 exd5 32. Nf5 Rc3+ 33. Kf4 Rf2 34.
Ne7+ Kf7 35. Rxh7+ Ke6 0-1

[Event "Reykjavik Open 2024"]
[Site "Reykjavik ISL"]
[Date "2024.03.18"]
[Round "6.83"]
[White "Ingason, Sigurdur"]
[Black "Markuszewski, Maksymilian"]
[Result "1/2-1/2"]
[WhiteElo "1840"]
[BlackElo "2141"]
[WhiteFideId "2301709"]
[BlackFideId "651018306"]
[EventDate "2024.03.15"]

1. d4 d5 2. c4 c6 3. Nc3 Nf6 4. e3 e6 5. Nf3 Nbd7 6. Bd3 dxc4 7. Bxc4 b5 8. Bd3
Bd6 9. e4 e5 10. O-O O-O 11. Bd2 exd4 12. Nxd4 Ne5 13. Bc2 Neg4 14. Nf3 Re8 15.
h3 Ne5 16. Re1 Qc7 17. Nxe5 Bxe5 18. a3 Be6 19. Qf3 a5 20. Rac1 a4 21. Nd1 Nd7
22. Bc3 Bd6 23. Ne3 f6 24. Rcd1 Bf8 25. Qe2 Rab8 26. Qd2 c5 27. Nd5 Qb7 28. Nf4
Nb6 29. Nxe6 Rxe6 30. e5 fxe5 31. Qd3 Rg6 32. f3 Nc4 1/2-1/2